000 01025nab a22002537a 4500
999 _c6577
_d6577
003 OSt
005 20260225131001.0
008 190506c xxu||||| |||| 00| 0 spa d
040 _cPJ
100 _97148
_aRepetti, Silvina
245 1 0 _aLey Bases. Incidencias laborales. Modernización laboral /
_cSilvina Repetti.
260 _aBuenos Aires :
_bAbeledoPerrot,
_c2025.
300 _ap. 10-16
500 _aCita: TR LALEY AR/DOC/391/2025.
505 _aSumario: I. Introducción.— II. Descripción de las modificaciones.— III. Conclusiones.
505 _t¿Te interesa el texto completo? Comunicate al correo: koha@justierradelfuego.gov.ar
650 0 _91316
_aDERECHO LABORAL
650 0 _91482
_aLEY SOBRE RIESGOS DEL TRABAJO
650 0 _94425
_aACCIDENTE IN ITINERE
650 0 _91417
_aACCIDENTES DE TRABAJO
650 0 _94318
_aINDEMNIZACIÓN POR INCAPACIDAD
773 0 _02751
_93202
_dBuenos Aires : AbeledoPerrot, 2013-
_tRevista de derecho laboral y seguridad social. Nº 7 - Abril 2025
942 _2udc
_cANA